| 000 -CABECERA |
| Campo de control de longitud fija |
03724nam a22003497a 4500 |
| 003 - IDENTIFICADOR DEL NÚMERO DE CONTROL |
| Campo de control |
OSt |
| 005 - FECHA Y HORA DE LA ÚLTIMA TRANSACCIÓN |
| Campo de control |
20260416191852.0 |
| 008 - CÓDIGOS DE INFORMACIÓN DE LONGITUD FIJA |
| Campo de control de longitud fija |
260408t2011 xxu||||| |||| 00| 0 spa d |
| 020 ## - NÚMERO INTERNACIONAL NORMALIZADO PARA LIBROS (ISBN) |
| Número Internacional Normalizado para Libros (ISBN) |
9788445820667 |
| 040 ## - FUENTE DE LA CATALOGACIÓN |
| Centro catalogador de origen |
Unicoc |
| Lengua de catalogación |
spa |
| Centro que cataloga |
Bogotá (Dr. David Ordóñez Rueda) - Campus Norte |
| Centro modificador |
Bogotá (Dr. David Ordóñez Rueda) - Campus Norte |
| 082 ## - NÚMERO DE LA CLASIFICACIÓN DECIMAL DEWEY |
| Número de clasificación |
616.8046 |
| 100 ## - PUNTO DE ACCESO PRINCIPAL - NOMBRE DE PERSONA |
| 9 (RLIN) |
12865 |
| Nombre de persona |
Bruna, Olga |
| 245 ## - MENCIÓN DE TÍTULO |
| Título |
Rehabilitación neuropsicológica |
| Subtitulo o Resto del título |
: Intervención y práctica clínica |
| Mención de responsabilidad etc. |
/ Olga Bruna |
| 250 ## - MENCIÓN DE EDICIÓN |
| Mención de edición |
1 Ed. |
| 260 ## - PUBLICATION, DISTRIBUTION, ETC. (IMPRINT) |
| Lugar de publicación distribución etc. |
España : |
| Nombre del editor distribuidor etc. |
Elsevier , |
| Fecha de publicación distribución etc. |
2011 |
| 300 ## - DESCRIPCIÓN FÍSICA |
| Extensión |
579 páginas |
| Otras características físicas |
Incluye Ilustraciones, gráficas, cuadros |
| 500 ## - NOTA GENERAL |
| Nota general |
Incluye Índice y Referencias bibliográficas |
| 505 ## - NOTA DE CONTENIDO CON FORMATO |
| Título |
Parte 1. Fundamentos de rehabilitación neuropsicológica. -- |
| -- |
Capítulo 1. Principios de rehabilitación neuropsicológica. -- |
| -- |
Capítulo 2. Técnicas de neuroimagen en neuropsicología clínica y rehabilitación neuropsicológica. -- |
| -- |
Parte 2. Funciones cognitivas y rehabilitación neuropsicológica. -- |
| -- |
Capítulo 3. Atención y concentración. -- |
| -- |
Capítulo 4. Memoria. -- |
| -- |
Capítulo 5. Lenguaje, afasias y trastornos de la comunicación. -- |
| -- |
Capítulo 6. Apraxias y agnosias. -- |
| -- |
Capítulo 7. Funciones ejecutivas. -- |
| -- |
Capítulo 8. Tecnologías aplicadas a la rehabilitación neuropsicológica. -- |
| -- |
Capítulo 9. Psicología de la rehabilitación. -- |
| -- |
Parte 3. Rehabilitación neuropsicológica en la práctica clínica. -- |
| -- |
Capítulo 10. Traumatismos craneoencefálicos. -- |
| -- |
Capítulo 11. Accidentes vasculares cerebrales o ictus. -- |
| -- |
Capítulo 12. Esclerosis múltiple. -- |
| -- |
Capítulo 13. Esquizofrenia. -- |
| -- |
Capítulo 14. Evaluación y rehabilitación neuropsicológica infantil. -- |
| -- |
Capítulo 15. Tratamiento de los trastornos emocionales y de la conducta en pacientes con daño cerebral. -- |
| -- |
Parte 4. Intervención neuropsicológica en el envejecimiento y las demencias. -- |
| -- |
Capítulo 16. Neuropsicología del envejecimiento y las demencias. -- |
| -- |
Capítulo 17. Deterioro cognitivo leve. -- |
| -- |
Capítulo 18. Demencias y enfermedad de Alzheimer. -- |
| -- |
Capítulo 19. Intervención de la memoria en el envejecimiento y las demencias. -- |
| -- |
Capítulo 20. Intervención comunicativa y lingüística en el envejecimiento. -- |
| -- |
Capítulo 21. Tratamiento de los trastornos afectivos y conductuales en el envejecimiento. -- |
| -- |
Capítulo 22. Tratamiento de los trastornos emocionales y del comportamiento en las demencias. -- |
| -- |
Capítulo 23. El modelo de la atención centrada en la persona en el ámbito de la demencia. -- |
| -- |
Parte 5. Aspectos asistenciales, éticos y legales. -- |
| -- |
Capítulo 24. La familia en el proceso de rehabilitación neuropsicológica. -- |
| -- |
Capítulo 25. La rehabilitación profesional de afectados por daño cerebral traumático. -- |
| -- |
Capítulo 26. Atención a la familia y trabajo interdisciplinar en el envejecimiento y las demencias. -- |
| -- |
Capítulo 27. Neuropsicología forense. -- |
| -- |
Capítulo 28. La corresponsabilidad social en la atención a las personas mayores: un reto ético. -- |
| -- |
Capítulo 29. Aspectos legales y de tutela. -- |
| -- |
Capítulo 30. Discapacidad y calidad de vida. |
| 526 ## - NOTA DE INFORMACIÓN SOBRE EL PROGRAMA DE ESTUDIO |
| Institución que aplica el campo |
Unicoc |
| 546 ## - NOTA DE LENGUA |
| Nota de lengua |
Español |
| 650 #0 - PUNTO DE ACCESO ADICIONAL DE MATERIA - TÉRMINO DE MATERIA |
| 9 (RLIN) |
7718 |
| Término de materia o nombre geográfico como elemento inicial |
Neuropsicología clínica |
| 650 #0 - PUNTO DE ACCESO ADICIONAL DE MATERIA - TÉRMINO DE MATERIA |
| 9 (RLIN) |
9924 |
| Término de materia o nombre geográfico como elemento inicial |
Daño cerebral |
| Subdivisión de materia general |
Rehabilitación |
| 650 #0 - PUNTO DE ACCESO ADICIONAL DE MATERIA - TÉRMINO DE MATERIA |
| 9 (RLIN) |
9922 |
| Término de materia o nombre geográfico como elemento inicial |
Trastornos cognitivos |
| Subdivisión de materia general |
Rehabilitación |
| 650 #0 - PUNTO DE ACCESO ADICIONAL DE MATERIA - TÉRMINO DE MATERIA |
| 9 (RLIN) |
7719 |
| Término de materia o nombre geográfico como elemento inicial |
Enfermedad de Alzheimer |
| Subdivisión de materia general |
Rehabilitación |
| 658 #0 - TÉRMINO DE INDIZACIÓN - OBJETIVO CURRICULAR |
| 9 (RLIN) |
10741 |
| Programa Académico |
Programa de Psicología |
| 700 ## - PUNTO DE ACCESO ADICIONAL - NOMBRE DE PERSONA |
| 9 (RLIN) |
12866 |
| Nombre de persona |
Roig, Teresa |
| 700 ## - PUNTO DE ACCESO ADICIONAL - NOMBRE DE PERSONA |
| 9 (RLIN) |
12867 |
| Nombre de persona |
Puyuelo, Miguel |
| 700 ## - PUNTO DE ACCESO ADICIONAL - NOMBRE DE PERSONA |
| 9 (RLIN) |
12868 |
| Nombre de persona |
Junqué, Carme |
| 700 ## - PUNTO DE ACCESO ADICIONAL - NOMBRE DE PERSONA |
| 9 (RLIN) |
12869 |
| Nombre de persona |
Ruano, Ángel |
| 856 ## - LOCALIZACIÓN Y ACCESO ELECTRÓNICOS |
| Texto del enlace |
Acceso online exclusivo para comunidad Unicoc. |
| Identificador Uniforme del Recurso (URI) |
https://unicoceduco-my.sharepoint.com/:b:/g/personal/direccionbiblioteca_unicoc_edu_co/IQAU0vcNIYeETKDV4OWHw8kNAXveCOXiyov2EFnD-_L2Dl4 |
| 942 ## - ENTRADA PARA ELEMENTOS AGREGADOS (KOHA) |
| Fuente de clasificación o esquema de ordenación en estanterías |
|
| Koha [por defecto] tipo de item |
Libro electrónico |